Women and Trade Networks in West Africa

Saved in:
Bibliographic Details
Corporate Author: Sahel and West Africa Club
Format: Book
Language:English
Published: Paris OECD 2019
Series:West african studies
Subjects:
Tags: Add Tag
No Tags, Be the first to tag this record!

MARC

LEADER 00000nam$a2200000$$$4500
001 0263133
005 20221220065344.5
020 |a 978-92-64-59502-6 
041 0 |a eng 
044 |a FR 
245 1 0 |a Women and Trade Networks in West Africa  |c under the direction of: Marie Trémolières and Olivier J. Walther 
264 1 |a Paris  |b OECD  |c 2019 
300 |a 141 s. 
490 1 |a West african studies 
830 0 |a West african studies 
610 2 0 |a ženy 
610 2 0 |a siete obchodné 
610 2 0 |a spolupráca cezhraničná 
610 2 0 |a trhy 
610 2 0 |a riadenie 
610 2 0 |a podnikanie 
610 2 0 |a bariéry podnikania 
610 2 0 |a Afrika 
710 2 |a Sahel and West Africa Club